| Поле | Инд. | ПП | Название | Значение |
|---|---|---|---|---|
| Тип записи | a | |||
| Библиографический уровень | b | |||
| 001 | Контрольный номер | 1a1e484171144ad597c46aa6de673990 | ||
| 005 | Дата корректировки | 20200617105824.6 | ||
| 008 | Кодируемые данные | 20140826 | ||
| 040 | b | Код языка каталог. | rus | |
| e | Правила каталог. | PSBO | ||
| 041 | 0_ | a | Код языка текста | rus |
| 084 | a | Индекс другой классификации/Индекс ББК | 60.80 | |
| 100 | 1_ | a | Автор | Логинова Д. А. |
| q | Полное имя | Логинова Дарья Александровна | ||
| 100 | 1_ | a | Автор | Строков А. С. |
| q | Полное имя | Строков Антон Сергеевич | ||
| 245 | 10 | a | Заглавие | Институциональные вопросы устойчивого развития сельских территорий России |
| 504 | a | Библиография | Лит. в конце статьи | |
| 650 | 04 | a | Основная рубрика | социальное управление; теория социального управления |
| 653 | 1_ | a | Ключевые слова | государственная власть |
| a | Ключевые слова | государственное регулирование | ||
| a | Ключевые слова | демографическая ситуация | ||
| a | Ключевые слова | законодательство | ||
| a | Ключевые слова | институциональный анализ | ||
| a | Ключевые слова | региональное законодательство | ||
| a | Ключевые слова | регионы России | ||
| a | Ключевые слова | Россия | ||
| a | Ключевые слова | село | ||
| a | Ключевые слова | сельские территории | ||
| a | Ключевые слова | сельское хозяйство | ||
| a | Ключевые слова | стратегическое управление | ||
| a | Ключевые слова | устойчивое развитие | ||
| a | Ключевые слова | Федеральная целевая программа "Устойчивое развитие сельских территорий (2014-2020 гг.)" | ||
| a | Ключевые слова | федеральное законодательство | ||
| a | Ключевые слова | федеральные программы | ||
| a | Ключевые слова | эффективность управления | ||
| 773 | 08 | t | Заглавие источника | Вопросы государственного и муниципального управления |
| d | Дата издания источника | 2019 | ||
| g | Прочая информация | № 2. - С. 115 - 140 : табл., граф. | ||
| w | Контрольный № источника | DU/616683499 | ||
| 901 | t | Тип документа | b |